00624nam a2200193 i 4500001000700000003000900007005001700016007000300033008004100036080002100077100004100098245010300139260004200242300002900284490003000313700003600343830002700379852002400406115201ES-MaACL20251011063124.0t|070226s1909 sp ||||1| spa d a821.134.2-32"18"1 aCavestany, Juan Antonio, d1861-192413aLa niña de los rubíes b: novela / cpor Juan A. Cavestany ; ilustraciones de Santana Bonilla. aMadrid : bEl Cuento Semanal, c1909. a20 p. : bil. ; c26 cm.1 aEl cuento semanal ; v1331 aSantana Bonilla c, ilustrador.03aEl cuento semanalv133 aES-MaACLjG-4444(3)